Регионална библиотека "Любен Каравелов" - Русе

Етюди [Нотирана музика] (Запис номер 349465)

MARC детайли
000 -Лидер
Контролно поле с фиксирана дължина ncm a22 a 4500
003 - Код на организацията, давaща контролен номер
Контролно поле BLK
005 - Дата и час на последна редакция
Контролно поле 20201007040653.0
008 - Елементи от данни с фиксирана дължина
fixed length control field 200325b bu ||||| |||| 00| 0 bu d
040 ## - Източник на каталожния запис
Идентификатор на билиотеката - собственик на записа BLK
041 ## - Код за език
Код за езика на текст/звукозапис или на отделно заглавие Български
Код за езика КДБФ Български
080 ## - УДК
Текстов определител УДК Контрабас. Гами, етюди, учебна литература
УДК код - определител по УДК 787.41.087.5
УДК определител 787.41.087.5
100 ## - Редна дума - Автор
Автор Николов, Николай Стоилов
Авторска отговорност първи автор
R(LIN) 1299
139 ## - Редно поле
Редна дума Николов, Николай Стоилов
Авторски знак Николо - Н 74
245 ## - Сведения за заглавието
Заглавие Етюди [Нотирана музика]
Подзаглавни данни За контрабас : на народностна основа
Редно поле (дума) Николай Николов
260 ## - Област на издателските данни
9 (RLIN) 209430
Място на издаване, разпространение и проч. София
Име на издателя, разпространителя и проч. Музика
Година на издаване 1976
300 ## - Физическа характеристика
Страници 36 с.
Размери/Мащаб 31 см
380 ## - Жанр
Жанр Изкуство
500 ## - Общи забележки
Забележка 440 тир.
852 ## - Местоположение
Форматна сигнатура М ІІ 7120
999 ## - СИСТЕМНИ КОНТРОЛНИ НОМЕРА
Koha biblionumber 349465
Koha biblioitemnumber 349465
942 ## - АРТИКУЛИ
Вид на библиотечния материал Нотни издания
Скрит в OPAC Не
Периодичен библиозапис Да
944 ## - СЪЗДАВАНЕ И РЕДАКЦИЯ на ЗАПИСА
Създаване/Редакция Създаване
Дата на регистрацията/редакция 2020-03-25
Статус, дата на статуса 2020-03-25
999 ## - СИСТЕМНИ КОНТРОЛНИ НОМЕРА
Koha biblioitemnumber 349465
999 ## - СИСТЕМНИ КОНТРОЛНИ НОМЕРА
Koha biblioitemnumber 349463
999 ## - СИСТЕМНИ КОНТРОЛНИ НОМЕРА
Koha biblioitemnumber 349462
999 ## - СИСТЕМНИ КОНТРОЛНИ НОМЕРА
Koha biblioitemnumber 349461
999 ## - СИСТЕМНИ КОНТРОЛНИ НОМЕРА
Koha biblioitemnumber 349459
999 ## - СИСТЕМНИ КОНТРОЛНИ НОМЕРА
Koha biblioitemnumber 349458
999 ## - СИСТЕМНИ КОНТРОЛНИ НОМЕРА
Koha biblioitemnumber 349457
999 ## - СИСТЕМНИ КОНТРОЛНИ НОМЕРА
Koha biblioitemnumber 349455
Наличности
Код за отписване Код за изгубен артикул Източник на класификационната схема Код за повреда Коз за рестрикции Код за отдаване Артикулен № Име на библиотеката - собственик Име на библиотеката, в която се намира в момента Статус (Текущо местоположение) Дата на вписване в системата Местоположение - отдел Цена в лева Инвентарен номер Систематично азбучна сигнатура Баркод Цена в евро Служебен тип на артикула
  Не е изгубен Universal Decimal Classification Не е повреден без рестрикции заемане за дома 756652 Регионална библиотека "Любен Каравелов" Русе Регионална библиотека "Любен Каравелов" Русе Отдел Изкуство - подръчен фонд 2020-03-25 Отдел Изкуство - подръчен фонд 0.45 211054 787/Н 74 Н 120000211054 0.23 Нотни издания
  Не е изгубен Universal Decimal Classification Не е повреден само за читалня ползва се в читалня 774096 Регионална библиотека "Любен Каравелов" Русе Регионална библиотека "Любен Каравелов" Русе Хранилище 2020-06-04 Хранилище 0.45 210278 Цб М II 7120 900000016830 0.23 Нотни издания
Vip Innovations Ltd, Rousse, Bulgaria 2025